| 000 | 00396nam a22001577a 4500 | ||
|---|---|---|---|
| 999 |
_c60522 _d60522 |
||
| 005 | 20230811114320.0 | ||
| 008 | 230811s1975 enk||||| |||| 00| 0 eng d | ||
| 041 | _aeng | ||
| 080 | _a94(55) H-65 | ||
| 100 |
_aHicks, Jim _919662 |
||
| 245 |
_aThe Persians / _c Jim Hicks. |
||
| 264 | _c1975. | ||
| 300 |
_a160 p.: _bill.; _c26 cm. |
||
| 653 | _aსპარსელები | ||
| 942 |
_2udc _cBK |
||